000 00772nam a2200241 i 4500
001 79892
003 ES-MaACL
005 20230906174056.0
007 t|
008 041025s1928 fr ||||1| fre d
100 1 _aHesíodo.
_963451
245 1 4 _aThéogonie
_b: ; Les travaux et les jours ; Le bouclier /
_cHésiode ; texte établi et traduit par Paul Mazon.
250 _aEd. bilingüe.
260 _aParis :
_bLes Belles Lettres,
_c1928 (
_fVaugirard)
300 _aXXX, 158 p. ;
_c21 cm.
490 1 _aCollection des Universités de France
700 1 _aMazon, Paul.
_979487
740 4 _aLes travaux et les jours.
740 3 _aLe bouclier.
830 0 _aCollection des Universités de France
_9180876
852 _aES-MaACL
_jC-56149
999 _c79892
_d79892